| 000 | 00502nam a2200181 a 4500 | ||
|---|---|---|---|
| 005 | 20140310183433.0 | ||
| 008 | 080111s19uu xx 00 eng d | ||
| 020 | _a0435401211 | ||
| 050 |
_aHF 5343 _b.Se465 2005 |
||
| 100 | _aSeliet, Hala | ||
| 245 |
_aBusiness : _bBTEC introduction / _cHala Seliet |
||
| 260 |
_aOxford : _bHeinemann Educational Publishers, _c2005. |
||
| 300 |
_a282 p. : _bcol. ill. ; _c27 cm. |
||
| 521 | _aBSBA | ||
| 650 | _aBusiness. | ||
| 942 |
_cBK _2lcc _kFOR |
||
| 999 |
_c22774 _d22774 |
||